| 000 | 00754cab a2200253 4500 | ||
|---|---|---|---|
| 001 | WB3309-60 | ||
| 008 | 090401t1997 xxu||||| |||| 00| 0 eng d | ||
| 035 | _a(Sirsi) u60051 | ||
| 041 | _aeng | ||
| 245 | _aProperty industry wins first VAT bout | ||
| 260 | _c1997 | ||
| 350 | _a0 | ||
| 490 |
_aEstates Gazette _v(9707) 15 February 1997, 53(1) |
||
| 520 | _aThe property industry must wait a few more weeks before it knows whether it has secured the crucial objective test amendment on VAT. | ||
| 650 | _aPROPERTY-COMMERCIAL PROPERTY | ||
| 650 | _aFINANCE BILL 1996 | ||
| 650 | _aLOOPHOLE | ||
| 650 | _aOBJECTIVE TEST | ||
| 650 | _aOPTION TO TAX | ||
| 650 | _aVALUE ADDED TAX | ||
| 690 | _aTAXATION | ||
| 942 | _n0 | ||
| 948 | _c04/03/1997 | ||
| 999 |
_c36978 _d36978 |
||